Quizzes
Events
Quiz Creation
Community
Videos
Private Events
Remove Ads
Sign In
Join for FREE
Feedback
Dark Mode
Quiz Categories
Sports
Geography
Music
Movies
Television
Just For Fun
Miscellaneous
History
Literature
Language
Science
Gaming
Entertainment
Religion
Holiday
For Kids
Quiz Lab
Recent
Popular Today
Quiz Kudos Today
Editor Picks
Curator Picks
Quizzes by...
Day
Popularity
Type
Ratings
Length
Year
Community
Subscriptions
Recent Discussions
Orange Saloon
Badges
Playlists
Quests
Create
Leaderboards
Showdown
Live 5
Trivia Bingo
Activity
Puzzle Library
Sporcle Events
Private Events
Virtual Trivia
Globe League
Become a Host
Pub Owners
SporcleCon
Opinionation
Our Games
Videos
Blog
Mobile Apps
Partnerships
Remove Ads and Go Orange
Feedback
Geography
Country
Landmarks
City
State
Population
World
Capital
Continent
Flags
Europe
Africa
Asia
South America
North America
Oceania
Border
Canada
United Kingdom
Topography
United States
Geography
Country
Landmarks
City
State
Population
World
Capital
Continent
Flags
Europe
Africa
Asia
South America
North America
Oceania
Border
Canada
United Kingdom
Topography
United States
Random Quiz
Search Sporcle
×
Quiz Lab
Quiz Lab
Geography
City
Type in answers that appear in a list
Type in answers that appear in a list
Classic
Best Score? Go Orange.
North American Cities Skyscrapers Stats
Can you name the North American Cities with the Most Skyscrapers?
By
Cartman
10m
20 Questions
551 Plays
551 Plays
551 Plays
Comments
Comments
Give Quiz Kudos
Give Quiz Kudos
-
- Ratings
hide this ad
More Info
Replay
Link that replays current quiz
Next Quiz
Link to next quiz in quiz playlist
You Got
0%
They Got
Avg Score
64%
Avg Friend Score
Upgrade to see
Score Distribution
Jump to the score distribution portion of the page
Score
0/20
Timer
10:00
0
Plays Today
# of buildings
City
% Correct
501
Los Angeles
96.9%
1110
Chicago
96.2%
5843
New York City
94%
351
Houston
89.8%
239
Dallas
88.6%
414
San Francisco
88.2%
231
Boston
88%
1795
Toronto
85.5%
329
Philadelphia
84.9%
628
Vancouver
78.8%
# of buildings
City
% Correct
520
Montreal
78%
1306
Mexico City
75.9%
323
Washington
60.6%
245
Calgary
55.4%
237
Edmonton
46.5%
351
Ottawa
44.3%
436
Honolulu
23.8%
250
San Juan
13.8%
229
Arlington
4.7%
289
Miama
4%
Quiz Playlist
Details
Report
Send in Message
Add To Playlist
More Info:
According to Emporis.com, these are the top 20 North American cities with the most highrises.
Classic:
Type in answers that appear in a list
Quiz Source
Last Updated: Feb 16, 2017
Quiz Scoreboard
CHALLENGE
Sign Up to Join the Scoreboard
Show All
Scores
Hide
Comments
May contain spoilers
Recently Published
Decade Duel: World Leaders
by jenniferyan
History
4m
Alphabetical 'K' Countries by Flag Minefield
by ylime102
Geography
3m
Pick 6: Fruits
by JohnFran
Miscellaneous
15s
More to Explore
Quiz From the Vault
Featured Blog Post
15 Basketball Trivia Facts You Can Be March Mad About
hide this ad
You Might Also Like...
Tags
City Quiz
North America Quiz
America
Building
north
Skyscraper
Today's Top Quizzes in Geography
Browse Geography
hide this ad
Today's Top Quizzes in City
Browse City
Top Contributed Quizzes in Geography
1
Countries of the World - No Outlines Minefield
2
Pick 6: Mountains
3
Least Populated Answer: 'G' Countries
4
Alphabetical 'L' Countries By Flag Minefield
5
Lietuvos savivaldybės (Lithuanian Municipalities)
6
Alphabetical 'M' Countries By Flag Minefield
7
Pick 6: National Parks
8
Pick 6: US States
9
Blind Ultimate Minefield: Europe
10
'A' Countries In Alphabetical Order by Flag
Explore More
Trending Topics
Anime
NBA
Harry Potter
Marvel
Kpop
Crossword
Disney
WWE
Pokémon
The Office
Country
Puzzle
NFL
Song
Soccer
hide this ad
More By:
Cartman
Quiz
Plays
Rating
Category
Featured
Created
Whitney Houston #1's (US)
20,282
4.46
Music
May 4, 2010
Go to Creator's Profile
Score Distribution
Quiz Creator Spotlight
Cartman
Follow
Send a Message
Quizzes Created
-
Created Quiz Play Count
-
More By This Creator
Popular Quizzes Today
1
Countries of Asia Without Outlines Minefield
2
Find the US States - No Outlines Minefield
3
Pick 6: Fruits
4
Alphabetical 'K' Countries by Flag Minefield
5
The Countries of the World
6
Find the Countries of Europe - No Outlines Minefield
7
Find the US States
8
US States
More Geography Quizzes
Endemic Animals by Continent
Curator's Pick
Trending Quizzes
Pick 6: Mountains
Pick 6: Harry Potter
Pick 6: Flags
Pick 6: NFL Teams
Pick 6: Movie Franchises
Recently Updated
Adaptations: Name the Title
pecheneg
NWSL Teams
pecheneg
Women's Final Four Teams by Year
bhenderson79
Presidents Quartet II
eogle
Anything But Clue(do)
eogle
Anything But Oceanian Capitals
eogle
Anything But 7
eogle
Anything But Thing
eogle
Word Ladder: February 29
pecheneg
Song Title Questions
pecheneg
Trending Topics
Kpop
Anime
Marvel
Disney
Crossword
Harry Potter
NBA
Puzzle
Country
Pokémon
WWE
Soccer
Song
NFL
The Office
Your Account Isn't Verified!
In order to create a playlist on Sporcle, you need to verify the email address you used during registration. Go to your
Sporcle Settings
to finish the process.
Report this User
Report this user for behavior that violates our
Community Guidelines
.
Details:
Send Report
Go to the Sporcle.com Mobile Site →
Comments